Normal view MARC view

Entry Personal Name

Number of records used in: 1

001 - CONTROL NUMBER

  • control field: 6871

003 - CONTROL NUMBER IDENTIFIER

  • control field: OSt

005 - DATE AND TIME OF LATEST TRANSACTION

  • control field: 20130210114532.0

008 - FIXED-LENGTH DATA ELEMENTS

  • fixed length control field: 130210|||a|||||| | ||| d

040 ## - CATALOGING SOURCE

  • Original cataloging agency: OSt
  • Transcribing agency: OSt

100 ## - HEADING--PERSONAL NAME

  • Personal name: Langstaff, Jusitice

670 ## - SOURCE DATA FOUND

  • Source citation: Work cat.: (OSt)5235: Edited by Blair, Justice …[et al.] 6843, Bullen & Leake & Jacob's Precedents of Pleadings / , 2012